Movies Quiz

Random Movies or Clickable Quiz

Follow the lines to 13 going on 30 Quiz Stats

Quiz not verified by Sporcle

Challenge
Share
Tweet
Embed
Score 0/30 Timer 10:00
0 Plays Today
% Correct
Au revoir
92.7%
I can't get in the car, I don't get in the car with strangers
92.7%
Oh God, not his thingy
91.7%
thriving
90.6%
That's because I have these incredible boobs to fill it out!
89.6%
Oh those aren't people honey. Those are models
89.6%
There are six of them Jenna, that's the whole point.
87.5%
but you get awfully close, you know?
86.5%
Wayne Rink!
85.4%
Wanna see my ID? Totally have it!
85.4%
Jenna, if you're going to start lying about your age, I'd go with 27
78.1%
Robot
78.1%
I love you too Jenna. I've always loved you
77.1%
Plain. Peanut? Plain
74%
Because if I hadn't made them, I wouldn't have learnt how to make them right
74%
% Correct
No you're not cause that means I am
70.8%
Why not?
67.7%
Can they hang in there til 5?
66.7%
Never quite got that reaction before
65.6%
What?
65.6%
I'm not 13 anymore
65.6%
Hey beautiful
64.6%
Are you high? You been smoking pot? Doing X?
64.6%
you're the sweetest guy I've ever met
63.5%
Me too! Used to be
62.5%
Do you know what kind of person I am now, I mean do you know who I am right now?
62.5%
I am?
60.4%
You lost all your baby fat!
59.4%
You are mean, and rude and sloppy, and frizzy! And I don't like you at all
46.9%
You're pregnant
44.8%

You're not logged in!

Compare scores with friends on all Sporcle quizzes.
Sign Up with Email
OR
Log In

You Might Also Like...

Show Comments

Extras

Top Quizzes Today


Score Distribution

Your Account Isn't Verified!

In order to create a playlist on Sporcle, you need to verify the email address you used during registration. Go to your Sporcle Settings to finish the process.